MARC details
| 000 -LÍDER |
| campo de controle de tamanho fixo |
00890 a2200265 4500 |
| 001 - NÚMERO DE CONTROLE |
| campo de controle |
47629 |
| 020 ## - ISBN - INTERNATIONAL STANDARD BOOK NUMBER |
| ISBN - International Standard Book Number |
9788516096335 |
| 020 ## - ISBN - INTERNATIONAL STANDARD BOOK NUMBER |
| Informação qualificadora |
broch. |
| 082 ## - CDD - CLASSIFICAÇÃO DECIMAL DE DEWEY |
| Número de Classificação |
[Fic] |
| 040 ## - FONTE DA CATALOGAÇÃO |
| Instituição da catalogação original |
BR-PaCA |
| Idioma da catalogação |
por |
| Instituição que transcreveu o registro |
BR-PaCA |
| Instituição que modificou o registro |
BR-BrIDEA |
| 041 ## - CÓDIGO DE IDIOMA |
| Código do idioma do texto/trilha sonora ou título diferente |
por |
| Código do idioma do original e/ou traduções intermediárias do texto |
eng |
| 090 ## - NÚMERO DE CHAMADA LOCAL |
| Número de chamada (OCLC) (R); Número de chamada, CALL (RLIN) (NR) |
P Year 4 [Fic] |
| Número Cutter local (OCLC); Número de classificação do livro, CALL (RLIN) |
MCD |
| Número de chamada (OCLC) (R); Número de chamada, CALL (RLIN) (NR) |
P Year 4 [Fic] |
| Número Cutter local (OCLC); Número de classificação do livro, CALL (RLIN) |
MCD |
| 100 ## - ENTRADA PRINCIPAL--NOME PESSOAL |
| Nome pessoal |
McDonald, Megan |
| 240 10 - TÍTULO UNIFORME |
| Título uniforme |
Stink and the ultimate thumb-wrestling smackdown |
| Idioma da obra |
português |
| 245 10 - TÍTULO |
| Título |
Chiclete e a grande luta dos polegares |
| Indicação de responsabilidade, etc. |
Megan McDonald ; ilustrado por Peter H. Reynolds ; traduzido por Isa Maria Lando |
| 260 ## - PUBLICAÇÃO, DISTRIBUIÇÃO, ETC. |
| Local de publicação, distribuição, etc. |
São Paulo, SP |
| Nome do editor, distribuidor, etc. |
Salamandra |
| Data da publicação, distribuição, etc. |
2014 |
| 300 ## - DESCRIÇÃO FÍSICA |
| Extensão |
146 p. |
| Outros detalhes físicos |
il. |
| 490 ## - TÍTULO DA SÉRIE |
| Título da série |
Chiclete |
| 546 ## - NOTA DE IDIOMA |
| Nota de idioma |
Edição em português, traduzido do inglês |
| 697 ## - ENTRADA DE ASSUNTO LOCAL--ENTIDADE COLETIVA (RLIN) |
| Nome corporativo ou nome da jurisdição |
Literatura infanto-juvenil |
| 700 ## - ENTRADA ADICIONADA - NOME PESSOAL |
| Nome pessoal |
Reynolds, Peter H |
| Função do autor por extenso |
ilustrador |
| Nome pessoal |
Lando, Isa Mara. |
| Datas associadas ao nome |
1947 |
| 856 ## - LOCALIZAÇÃO ELETRÔNICA E ACESSO |
| Uniform Resource Identifier |
<a href="000003/00000368.jpg">000003/00000368.jpg</a> |
| 830 ## - ENTRADA SECUNDÁRIA DE SÉRIE--TÍTULO UNIFORME |
| Título uniforme |
Chiclete |
| Número do volume ou designação sequencial da série |
6 |
| 942 ## - ELEMENTOS DE ENTRADA ADICIONADOS (KOHA) |
| Tipo de material Koha |
Livros |